Statistics for Historical Timeline of Japan

Click here to take the quiz!

General Stats

  • This quiz has been taken 25 times
  • The average score is 7 of 11

Answer Stats

YearHintAnswer% Correct
1947J____Japan
94%
1868Empire of J____Empire of Japan
94%
1600Tokuga__ ShogunateTokugawa Shogunate
78%
794Heia_ PeriodHeian Period
72%
250Kofu_ PeriodKofun Period
61%
710Na__ PeriodNara Period
61%
538Asu__ PeriodAsuka Period
50%
1185Kamaku__ ShogunateKamakura Shogunate
50%
1429Ryu___ KingdomRyukyu Kingdom
39%
1336Ashika__ ShogunateAshikaga Shogunate
33%
1568Azuchi-Momo____Azuchi-Momoyama
33%

Score Distribution

Percentile by Number Answered

Percent of People with Each Score

Your Score History

You have not taken this quiz